000 00351nam a2200121Ia 4500
008 190216s9999||||xx |||||||||||||| ||und||
100 _aRoger L Tokheim
245 0 _aSchaum`S Series Theory And Problems Of Microprocessor Fundamentals
260 _bMcgraw -hill
_c1990
300 _a469p
650 _a"Computer Programming. Programs, Data"
942 _cBK
999 _c8391
_d8391